| 000 | 00879nam a2200253Ia 4500 | ||
|---|---|---|---|
| 003 | OSt | ||
| 005 | 20220624103053.0 | ||
| 008 | 210716s2008 xx 000 0 und d | ||
| 020 | _a9780070601611 | ||
| 040 | _cAIMIT LIBRARY | ||
| 041 | _aeng | ||
| 082 |
_a511.42 _22 _bVEET |
||
| 100 |
_aVeeraajan, T. _944889 |
||
| 245 |
_aNumerical methods: _bwith programs in c / _cBy T Veerarajan and T Ramachandran. |
||
| 250 | _a2nd ed. | ||
| 260 |
_aNew Delhi : _bTata McGraw Hill Publishing Company Ltd , _c2008. |
||
| 300 |
_axii,11.50,A.6,I.3p. ; _c24 cm. |
||
| 650 |
_aErrors in computer arithmetic _944890 |
||
| 650 |
_aEmpirical relations and curve _944891 |
||
| 650 |
_aNumerical solutions of algebraic and transcendental equation _944892 |
||
| 650 |
_aInterpolation with equal intervals _944893 |
||
| 700 |
_aRamachandran, T. _944894 |
||
| 942 |
_2ddc _cBK _e2nd _k511.42 VEET |
||
| 999 |
_c189420 _d189420 |
||